000 01031nam a22003017a 4500
003 CHAP
005 20220329141638.0
008 971013s1980 r 00010 d
010 _a71582
011 _a72554
035 _a82110
040 _cCHAP
090 _aTesis
100 0 0 _aAguilar Laurents, Sara Matilde.
_92736
245 _aContribución al estudio de bacterias involucradas en problemas de abscesos en cascos de bovinos de establos lecheros del Valle de México
260 _aMéxico, D.F. :
_bEl autor,
_c1980
300 _a24 h.
502 _aTesis (Médico Veterinario Zootecnista) -- UNAM. Fac. de Medicina Veterinaria y Zootecnia
590 _aALEPH
_b10
_c20130110
_lUCH01
_h1412
590 _aBATCH-UPD
_b10
_c20130110
_lUCH01
_h0410
590 _aCONVERSION
_b10
_c20130109
_lUCH01
_h1339
650 1 4 _aEstablos.
_938184
650 1 4 _aGanado lechero
_xEnfermedades.
_945260
650 1 4 _aGanado vacuno
_xEnfermedades.
_945460
901 _aBK
942 _cTESIS
949 _bBC
_cTES
_d-35940
_eTS1
_i82110
_si
999 _c71582
_d71582